000 00617nam a2200229Ia 4500
003 OSt
005 20220928133249.0
006 a|||||r|||| 00| 0
007 ta
008 220927b |||||||| |||| 00| 0 eng d
024 _a35907
037 _cReference Collections
040 _aSDCL
_cSDCL
_beng
041 _2eng
_aeng
082 _aXaN7, M4 RR
100 _aFletcher John Ed.
245 0 _aInformation sources in Economics.
250 _a2
260 _aLondon
_bButterworths
_c1984
942 _hXaN7, M4 RR
_cREF
_2CC
999 _c798588
_d798588